The cinematic society : the voyeur's gaze

Αποθηκεύτηκε σε:
Λεπτομέρειες βιβλιογραφικής εγγραφής
Κύριος συγγραφέας: Denzin, Norman K.
Μορφή: Βιβλίο
Γλώσσα:English
Δημοσίευση: London : Sage Publications, c1995.
Σειρά:Theory, culture and society
Θέματα:
Ετικέτες: Προσθήκη ετικέτας
Δεν υπάρχουν, Καταχωρήστε ετικέτα πρώτοι!

MARC

LEADER 00000nam a2200000 i 4500
001 1/13805
008 001129s1995####enk ||| | eng||
020 |a 08039-8657-2 
035 |l 10064759 
040 |a GR-MY-UA  |b gre  |e aacr 
041 0 |a eng 
082 0 |a 302.2343  
100 1 |a Denzin, Norman K. 
245 1 4 |a The cinematic society :   |b the voyeur's gaze /   |c Norman K. Denzin.  
260 |a London :   |b Sage Publications,   |c c1995.  
300 |a 247 p. ;   |c 24 cm.  
490 1 |a (Theory , culture & society)  
504 |a Includes bibliographical references (p. [223]-239) and index.  
650 0 0 |a Motion pictures  |x Social aspects. 
650 0 0 |a Motion picture audiences  |x Psychology. 
650 0 0 |a Gaze  |x Psychological aspects. 
830 0 |a Theory, culture and society 
852 |a INST  |b LESVOS  |c BK  |e 20001129  |h 302.2343 DEN  |p 005100029482  |q 005100029482  |t BK  |y 0 
901 |a BIBL1-2000-3 
909 |a Λ  |b 082807 
922 |a 1ΕΛΗ  |b 200011  |c ΤΑΚ/ΠΤΕ  |d ΜΙΧΑΛΟΠΟΥΛΟΣ 
950 |a 185-2000-09-13 
970 |a ΤΖΑΦΕΡΗ  |b ΕΥΑΓΓΕΛΙΑ  |z 2000/12/03